1077 1310 1061 1908 1441 1376 1001 1921 1741 1039 1404 1029 1461 1095 1404 1770 1547 1653 1124 1118 1601 1975 1723 1804 1296 1851 1126 1411 1424 1561 1228 1310 1411 1384 1523 1101 1997 1727 1971 1182 1374 1968 1914 1088 1886 1165 1981 1889 1438 1929 1775 1084 1105 1490 1341 1342 1705 1216 1689 1956 1954 1688 1597 1326 1850 1997 1284 1395 1892 1465 1557 1949 1117 1881 1470 1379 1959 1358 1644 1591 1939 1117 1668 1612 1397 1793 1885 1216 1906 1808 1935 1799 1254 1449 1841 1391 1628 1001 1020 BCNSPRNW ULIB Ver.6.0+V

เปลี่ยนเป็นภาษาไทย

Change to English
 แสดงรายละเอียดบรรณานุกรม
  กลับหน้าหลัก

Brief Record : Get Marc (ISO 2709) : E-mail record : QR code < ปิดหน้าต่าง
LEADER : 00000nam 2200000uu 4500
001    13399112151
003     ULIB
008    110627s2553||||th 000 0 tha d
020    9786165000192
090    นว.^bล258ห 2553
100 0  ลัลล์ลลิล
245 00 เหมันต์นิรันดร/^cลัลล์ลลิล
250    พิมพ์ครั้งที่ 1
260    กรุงเทพฯ :^bพิมพ์คำ,^c2553
300    414 หน้า
710 1  พิมพ์คำ
945    ^p260^l0^i028027
995    ทศพร
999 ^a ใช้งานได้ทุกระบบ
รายการนี้ยังไม่มีแท็ก
คุณยังไม่ได้ล็อกอิน คุณสามารถมีกิจกรรมร่วมกับเว็บไซต์ได้ แต่ต้องล็อกอินก่อน ::
  ล็อกอิน

รายการสื่อสารสนเทศ

ลำดับที่ ประเภท เลขเรียก/บาร์โค้ด สถานที่ สถานะ
- ไม่พบข้อมูล -

รายการใกล้เคียง
    ผู้แต่ง [ลัลล์ลลิล]

BibComment


ยังไม่เคยถูกคอมเมนท์

คอมเมนท์ทรัพยากรรายการนี้
  คอมเมนท์: เหมันต์นิรันดร ลั..


 Copyright 2026. Bcnsprnw @Library